[Event "Mestre Cipressina op-B 5th"]
[Site "Mestre"]
[Date "2016.11.26"]
[Round "3"]
[White "Ragonese, Francesco"]
[Black "Viviani, Bruno"]
[Result "0-1"]
[WhiteElo "1301"]
[BlackElo "1663"]
[PlyCount "100"]
[EventDate "2016.11.25"]
[EventType "swiss"]
[EventRounds "5"]
[EventCountry "ITA"]
[SourceTitle "EXT 2022"]
[Source "ChessBase"]
[SourceDate "2021.10.06"]
[SourceVersion "1"]
[SourceVersionDate "2021.10.06"]
[SourceQuality "1"]

1. e4 d6 2. Nf3 Nf6 3. Nc3 g6 4. Bc4 Bg7 5. h3 0-0 6. 0-0 c6 7. Re1 Nbd7 8. d4 b5 9. Bb3 Bb7 10. Bf4 b4 11. Na4 Nh5 12. Bh2 e5 13. c3 bxc3 14. bxc3 Qe7 15. Rb1 Rab8 16. Nb2 c5 17. d5 f5 18. Bc2 f4 19. g4 fxg3 20. fxg3 Rf7 21. Rf1 Ba6 22. c4 Rb4 23. Bd3 Qf8 24. Ng5 Rxf1+ 25. Bxf1 Qe7 26. Nf3 Bh6 27. a3 Rb8 28. g4 Be3+ 29. Kh1 Nf4 30. Bxf4 Bxf4 31. Qd3 Nb6 32. Qc2 Qf6 33. Kg2 Rf8 34. Be2 Be3 35. Rf1 Qe7 36. Nd1 Bf4 37. Nb2 Bc8 38. Nd3 Be3 39. a4 h5 40. g5 Bxg5 41. a5 Nd7 42. h4 Be3 43. Ng5 Nf6 44. Bf3 Bxg5 45. hxg5 Nh7 46. Kf2 Nxg5 47. Ke3 Nxf3 48. Rxf3 Bg4 49. Ne1 Qh4 50. Kd3 Qxe1 0-1

[Event "Chioggia op-C 11th"]
[Site "Chioggia"]
[Date "2016.10.08"]
[Round "3"]
[White "Scandiuzzi, Roberto"]
[Black "Ragonese, Francesco"]
[Result "0-1"]
[WhiteElo "1415"]
[BlackElo "1258"]
[PlyCount "62"]
[EventDate "2016.10.07"]
[EventType "swiss"]
[EventRounds "5"]
[EventCountry "ITA"]
[SourceTitle "EXT 2022"]
[Source "ChessBase"]
[SourceDate "2021.10.06"]
[SourceVersion "1"]
[SourceVersionDate "2021.10.06"]
[SourceQuality "1"]

1. d4 d5 2. c4 Nf6 3. Nf3 Nc6 4. e3 e6 5. a3 a5 6. Nc3 Be7 7. cxd5 exd5 8. Bb5 0-0 9. 0-0 Bg4 10. Be2 Ne4 11. Nxe4 dxe4 12. Nd2 Bxe2 13. Qxe2 f5 14. f4 Rf6 15. b3 Rg6 16. Bb2 Bh4 17. Kh1 Rg4 18. Rg1 Qe7 19. Nf1 Qf7 20. Qc4 Bf2 21. h3 Rg6 22. Qxf7+ Kxf7 23. Nd2 Bxg1 24. Kxg1 Ne7 25. Nc4 Kg8 26. Kf2 Nd5 27. Ne5 Rb6 28. b4 Ne7 29. Nd7 Rc6 30. Rc1 axb4 31. axb4 Ra2 0-1

[Event "Chioggia op-C 11th"]
[Site "Chioggia"]
[Date "2016.10.07"]
[Round "1"]
[White "Ragonese, Francesco"]
[Black "Schiavon, Simone"]
[Result "1-0"]
[WhiteElo "1258"]
[BlackElo "1416"]
[PlyCount "99"]
[EventDate "2016.10.07"]
[EventType "swiss"]
[EventRounds "5"]
[EventCountry "ITA"]
[SourceTitle "EXT 2022"]
[Source "ChessBase"]
[SourceDate "2021.10.06"]
[SourceVersion "1"]
[SourceVersionDate "2021.10.06"]
[SourceQuality "1"]

1. e4 e5 2. Nf3 Nc6 3. Bb5 a6 4. Ba4 b6 5. c3 Bc5 6. b4 Bd6 7. d4 exd4 8. Nxd4 Nxd4 9. Qxd4 Qf6 10. Be3 Qe5 11. Nd2 Qxd4 12. Bxd4 Ne7 13. e5 Bxe5 14. Bxe5 f6 15. Bd4 b5 16. Bb3 a5 17. 0-0 axb4 18. cxb4 Nc6 19. Rfe1+ Kd8 20. Bc3 Re8 21. Rxe8+ Kxe8 22. Re1+ Kf8 23. Ra1 d6 24. Nf3 Bf5 25. Nd4 Nxd4 26. Bxd4 Re8 27. Be3 Re4 28. a3 c6 29. Rc1 Bd7 30. Rd1 Ke7 31. Rd4 Re5 32. Bc2 c5 33. bxc5 dxc5 34. Re4 Rxe4 35. Bxe4 b4 36. Bxc5+ Ke6 37. axb4 Ke5 38. f3 Ke6 39. Kf2 f5 40. Bd3 f4 41. b5 Bxb5 42. Bxb5 Kd5 43. Bf8 g6 44. g4 g5 45. Bh6 Kc5 46. Be2 Kd5 47. Bxg5 Ke5 48. Bd3 Kd4 49. Bxh7 Ke5 50. h4 1-0

[Event "Mestre Cipressina op-B 4th"]
[Site "Mestre"]
[Date "2015.11.28"]
[Round "3"]
[White "Esposito, Francesca"]
[Black "Ragonese, Francesco"]
[Result "1-0"]
[WhiteElo "1515"]
[BlackElo "1314"]
[PlyCount "85"]
[EventDate "2015.11.27"]
[EventType "swiss"]
[EventRounds "5"]
[EventCountry "ITA"]
[SourceTitle "EXT 2022"]
[Source "ChessBase"]
[SourceDate "2021.10.06"]
[SourceVersion "1"]
[SourceVersionDate "2021.10.06"]
[SourceQuality "1"]

1. e4 c5 2. Nf3 Nc6 3. d4 cxd4 4. Nxd4 Nxd4 5. Qxd4 d6 6. Bc4 e6 7. Bb5+ Bd7 8. Qa4 Nf6 9. Bg5 Be7 10. Bxf6 Bxf6 11. Bxd7+ Qxd7 12. Qxd7+ Kxd7 13. c3 b5 14. a3 a5 15. 0-0 b4 16. Rd1 Rhc8 17. Rd3 h6 18. f4 e5 19. g3 g5 20. f5 g4 21. Nd2 h5 22. axb4 Bg5 23. bxa5 Bxd2 24. Rxd2 Rc4 25. Re2 f6 26. Ra3 Kc7 27. Kf2 Rc6 28. Rd2 Rc4 29. Ke3 h4 30. b4 hxg3 31. hxg3 Rc6 32. Rh2 Kb7 33. Rh7+ Ka6 34. Rf7 d5 35. exd5 Rd6 36. c4 Rb8 37. b5+ Rxb5 38. cxb5+ Kxb5 39. Rb7+ Ka6 40. Rb6+ Rxb6 41. axb6+ Kxb6 42. Rc3 Kb5 43. d6 1-0